000 01491nam0a22003251 4500
001 rc\4563115
005 20260607064145.0
010 _bВ пер.
_d5 р. 25 к.
_950000
021 _aRU
_b[57-56778]
035 _a(NLR Aleph) 008370847
090 _a9056793
_c9056793
100 _a20130416d1957 |||y0rusy50 ca
101 0 _arus
102 _aRU
105 _ac z |||g|
200 1 _aИзбранные произведения
_fА.Н. Майков
_g[вступит. статья, с. 5-58, подготовка текста и примечания Н. Степанова]
210 _aЛенинград
_c"Советский писатель", [Ленинградское отделение]
_d1957
215 _a479 с., 1 л. портр.
_d14
225 1 _aБиблиотека поэта
_eоснована М. Горьким
_iМалая серия
_eизд. 3-е
320 _aОсновные издания произведений А.Н. Майкова: с. 468 (7 назв.)
686 1 _aШ6(2=Р)52-5
686 1 _aШ5(2=Р)52-4Майков
700 1 _8rus
_7ca
_aМайков
_bА. Н.
_f1821-1897
_gАполлон Николаевич
_3RU\NLR\AUTH\7723198
_96252
702 1 _4080
_4212
_7ca
_8rus
_aСтепанов
_bН. Л.
_cд-р филол. наук
_f1902-1972
_gНиколай Леонидович
_981182
_3RU\NLR\AUTH\7798256
801 0 _aRU
_bNLR
_gpsbo
801 1 _aRU
_bELAR
_2rusmarc
852 _aNLR
_j57-1/1393
942 _cBOOK
980 _aNB